| 000 | 00660nam a22002057a 4500 | ||
|---|---|---|---|
| 005 | 20151016114709.0 | ||
| 010 | _aENG-113856 | ||
| 020 |
_a8123774109 _c230.00 |
||
| 020 |
_a9788123774107 _c230.00 |
||
| 035 | _aEN-97388 | ||
| 037 | _bDBAD/PUB | ||
| 082 | _a591.51 | ||
| 100 | _aNair, G.S.Unnikrishnan | ||
| 245 |
_aStrange world of animals / _cby G.S. Unnikrishnan Nair |
||
| 260 |
_aNew Delhi _bNational Book Trust _c2015 |
||
| 270 |
_aNehru Bhawan, 5,Institutional Area, Phase -II, _bNew Delhi _e110070 |
||
| 300 |
_a223p. : _c21cm(pbk) _bcol. photos |
||
| 500 | _aIncludes bibliographical references | ||
| 942 |
_2ddc _cEN _mNAI _h591.51 |
||
| 999 |
_c95915 _d95915 |
||